000 00700nam a2200277Ia 4500
005 20260324133357.0
008 008 260324s9999 xx 000 0 eng d
020 _a9780429242335
037 _aEBOOK
040 _aCRL
040 _beng
040 _cCRL
041 _2eng
041 _aeng
084 _qCRL
100 _aDavid E. Mulcahy; John P. Dieltz
_91192861
245 0 _aOrder-Fulfillment and Across-the-Dock Concepts, Design, and Operations Handbook
260 _bTaylor and Francis
260 _c2003
365 _a
365 _b290
856 _uhttp://www.taylorfrancis.com/books/9780429242335
942 _cEBOOK
999 _c1791835
_d1791835